=LDR 00000nam 2200000 4500 =001 INLIS000000000057820 =005 20210510082331 =035 ##$$a 0010-0521000035 =007 ta =008 210510###########################0#ind## =020 ##$$a 979-408-215-5 =082 ##$$a 813 =084 ##$$a 813 May w =245 1#$$a Winnetou ketua suku apache /$c May Kari =250 ##$$a cet 5 =300 ##$$a 155 halaman ; $c 20 cm =600 #4$$a Fiksi - terjemahan =264 ##$$a jakarta :$b Pradnya Paramita,$c 1993 =336 ##$$a teks$2 rdacontent =337 ##$$a lain-lain$2 rdamedia =338 ##$$a lain-lain$2 rdacarrier =990 ##$$a 03050305